Normal view
MARC view
Entry Personal Name
001 - CONTROL NUMBER
- control field: 1237875
003 - CONTROL NUMBER IDENTIFIER
- control field: OSt
005 - DATE AND TIME OF LATEST TRANSACTION
- control field: 20260430150551.0
008 - FIXED-LENGTH DATA ELEMENTS
- fixed length control field: 260430|| aca||aabn | a|a d
040 ## - CATALOGING SOURCE
- Original cataloging agency: OSt
- Transcribing agency: OSt
100 ## - HEADING--PERSONAL NAME
- Personal name: Basnet Ashvina Au.; Agnimitra Neera Gu
670 ## - SOURCE DATA FOUND
- Source citation: Work cat.: (OSt)1850096: Basnet Ashvina Au.; Agnimitra Neera Gu., Trafficking of Women for Prostitution: A Study in the Context of Nepal and India, 2023
